[Event "Grand Swiss "]
[Date "2025.09.06"]
[White "Shankland, Sam"]
[Black "Shirov, Alexei"]
[WhiteElo "2670"]
[BlackElo "2616"]
[Round "3.3.30"]
[Result "1/2-1/2"]

1. d4 {[%clk 01:40:51] [%emt 00:00:08]} d5 {[%clk 01:40:45] [%emt 00:00:14]} 2.
c4 {[%clk 01:41:17] [%emt 00:00:04]} e6 {[%clk 01:41:09] [%emt 00:00:06]} 3. Nf3
{[%clk 01:41:19] [%emt 00:00:29]} Nf6 {[%clk 01:41:04] [%emt 00:00:35]} 4. g3
{[%clk 01:41:41] [%emt 00:00:08]} Be7 {[%clk 01:38:48] [%emt 00:02:46]} 5. Bg2
{[%clk 01:42:04] [%emt 00:00:07]} O-O {[%clk 01:39:06] [%emt 00:00:12]} 6. O-O
{[%clk 01:42:22] [%emt 00:00:13]} dxc4 {[%clk 01:39:32] [%emt 00:00:04]} 7. Qc2
{[%clk 01:42:47] [%emt 00:00:05]} a6 {[%clk 01:39:54] [%emt 00:00:08]} 8. a4
{[%clk 01:43:05] [%emt 00:00:13]} Bd7 {[%clk 01:38:49] [%emt 00:01:34]} 9. Qxc4
{[%clk 01:43:25] [%emt 00:00:10]} Bc6 {[%clk 01:38:56] [%emt 00:00:23]} 10. Bf4
{[%clk 01:43:49] [%emt 00:00:06]} Nd5 {[%clk 01:20:57] [%emt 00:18:28]} 11. Bd2
{[%clk 01:40:01] [%emt 00:04:19]} Nd7 {[%clk 01:09:14] [%emt 00:12:13]} 12. Re1
{[%clk 01:28:44] [%emt 00:11:47]} a5 {[%clk 01:08:01] [%emt 00:01:42]} 13. e4
{[%clk 01:27:27] [%emt 00:01:47]} Nb4 {[%clk 01:08:22] [%emt 00:00:09]} 14. Qb3
{[%clk 01:26:25] [%emt 00:01:32]} b6 {[%clk 00:56:04] [%emt 00:12:48]} 15. Bxb4
{[%clk 01:20:26] [%emt 00:06:29]} Bxb4 {[%clk 00:54:55] [%emt 00:01:40]} 16. Nc3
{[%clk 01:20:29] [%emt 00:00:27]} Bb7 {[%clk 00:43:55] [%emt 00:11:29]} 17. Rad1
{[%clk 01:10:25] [%emt 00:10:34]} Qe7 {[%clk 00:42:40] [%emt 00:01:44]} 18. Re2
{[%clk 01:09:18] [%emt 00:01:38]} Rfd8 {[%clk 00:40:51] [%emt 00:02:19]} 19. e5
{[%clk 01:04:11] [%emt 00:05:38]} Nf8 {[%clk 00:37:30] [%emt 00:03:50]} 20. Ne1
{[%clk 01:01:37] [%emt 00:03:05]} Bxg2 {[%clk 00:33:31] [%emt 00:04:29]} 21.
Nxg2 {[%clk 01:01:25] [%emt 00:00:42]} Rd7 {[%clk 00:30:59] [%emt 00:03:02]} 22.
Ne3 {[%clk 00:51:23] [%emt 00:10:32]} Rad8 {[%clk 00:28:44] [%emt 00:02:45]} 23.
Qc4 {[%clk 00:48:31] [%emt 00:03:23]} Ng6 {[%clk 00:18:25] [%emt 00:10:49]} 24.
f4 {[%clk 00:48:09] [%emt 00:00:52]} Qf8 {[%clk 00:18:51] [%emt 00:00:04]} 25.
Red2 {[%clk 00:34:31] [%emt 00:14:08]} Ne7 {[%clk 00:19:07] [%emt 00:00:13]} 26.
Rd3 {[%clk 00:34:28] [%emt 00:00:33]} h6 {[%clk 00:17:04] [%emt 00:02:33]} 27.
h4 {[%clk 00:32:36] [%emt 00:02:22]} c5 {[%clk 00:14:17] [%emt 00:03:17]} 28. d5
{[%clk 00:30:34] [%emt 00:02:33]} Bxc3 {[%clk 00:14:14] [%emt 00:00:32]} 29.
bxc3 {[%clk 00:30:55] [%emt 00:00:09]} exd5 {[%clk 00:12:54] [%emt 00:01:49]}
30. Nxd5 {[%clk 00:31:18] [%emt 00:00:07]} Nxd5 {[%clk 00:11:12] [%emt
00:02:11]} 31. Rxd5 {[%clk 00:31:45] [%emt 00:00:05]} Rxd5 {[%clk 00:07:29]
[%emt 00:04:13]} 32. Rxd5 {[%clk 00:30:30] [%emt 00:01:44]} Rxd5 {[%clk
00:07:53] [%emt 00:00:06]} 33. Qxd5 {[%clk 00:30:58] [%emt 00:00:03]} Qe8 {[%clk
00:08:15] [%emt 00:00:08]} 34. f5 {[%clk 00:30:38] [%emt 00:00:50]} Qxa4 {[%clk
00:07:53] [%emt 00:00:51]} 35. e6 {[%clk 00:31:05] [%emt 00:00:03]} fxe6 {[%clk
00:01:58] [%emt 00:06:25]} 36. fxe6 {[%clk 00:31:31] [%emt 00:00:04]} Kf8 {[%clk
00:02:25] [%emt 00:00:03]} 37. Qd8+ {[%clk 00:28:36] [%emt 00:03:24]} Qe8 {[%clk
00:02:50] [%emt 00:00:05]} 38. Qxb6 {[%clk 00:28:47] [%emt 00:00:20]} a4 {[%clk
00:01:50] [%emt 00:01:30]} 39. Qxc5+ {[%clk 00:28:37] [%emt 00:00:40]} Kg8
{[%clk 00:01:10] [%emt 00:01:08]} 40. Qd6 {[%clk 00:24:09] [%emt 00:04:59]} a3
{[%clk 00:00:58] [%emt 00:00:42]} 41. Qxa3 {[%clk 00:23:00] [%emt 00:01:40]}
Qxe6 {[%clk 00:46:01] [%emt 00:05:26]} 42. Qa8+ {[%clk 01:12:19] [%emt
00:01:11]} Kh7 {[%clk 00:41:18] [%emt 00:05:12]} 43. Qf3 {[%clk 01:11:51] [%emt
00:00:59]} Qe1+ {[%clk 00:41:19] [%emt 00:00:29]} 44. Kg2 {[%clk 01:12:16] [%emt
00:00:05]} Qd2+ {[%clk 00:41:40] [%emt 00:00:07]} 45. Kh3 {[%clk 01:12:42] [%emt
00:00:05]} Qd7+ {[%clk 00:41:22] [%emt 00:00:48]} 46. Qg4 {[%clk 01:08:41] [%emt
00:04:32]} Qd3 {[%clk 00:38:13] [%emt 00:03:38]} 47. Qd4 {[%clk 01:08:29] [%emt
00:00:43]} Qf1+ {[%clk 00:34:43] [%emt 00:03:58]} 48. Kh2 {[%clk 01:01:21] [%emt
00:07:40]} Qe2+ {[%clk 00:33:42] [%emt 00:01:31]} 49. Kg1 {[%clk 01:01:45] [%emt
00:00:06]} g5 {[%clk 00:22:06] [%emt 00:12:06]} 50. Qf2 {[%clk 00:54:43] [%emt
00:07:33]} Qd3 {[%clk 00:21:15] [%emt 00:01:20]} 51. Qf7+ {[%clk 00:52:15] [%emt
00:02:59]} Kh8 {[%clk 00:21:36] [%emt 00:00:09]} 52. Qf6+ {[%clk 00:52:16] [%emt
00:00:29]} Kh7 {[%clk 00:21:13] [%emt 00:00:53]} 53. Qe5 {[%clk 00:51:23] [%emt
00:01:23]} Kg6 {[%clk 00:18:32] [%emt 00:03:10]} 54. Kf2 {[%clk 00:39:55] [%emt
00:12:00]} Qd2+ {[%clk 00:16:30] [%emt 00:02:31]} 55. Kf3 {[%clk 00:40:07] [%emt
00:00:18]} Qd3+ {[%clk 00:16:19] [%emt 00:00:40]} 56. Kf2 {[%clk 00:37:25] [%emt
00:03:12]} Qd2+ {[%clk 00:16:07] [%emt 00:00:42]} 57. Kf1 {[%clk 00:37:38] [%emt
00:00:17]} Qd1+ {[%clk 00:14:10] [%emt 00:02:27]} 58. Qe1 {[%clk 00:36:33] [%emt
00:01:35]} Qf3+ {[%clk 00:13:31] [%emt 00:01:09]} 59. Kg1 {[%clk 00:37:02]} gxh4
{[%clk 00:11:39] [%emt 00:02:23]} 60. Qe6+ {[%clk 00:35:22] [%emt 00:02:10]} Kh5
{[%clk 00:09:52] [%emt 00:02:17]} 1/2-1/2

[Site "Europe Echecs"]

[Event "Grand Swiss "]
[Date "2025.09.06"]
[White "Vitiugov, Nikita"]
[Black "Warmerdam, Max"]
[WhiteElo "2666"]
[BlackElo "2591"]
[Round "3.3.31"]
[Result "1-0"]

1. e4 {[%clk 01:40:44] [%emt 00:00:14]} e5 {[%clk 01:40:54] [%emt 00:00:07]} 2.
Nf3 {[%clk 01:40:58] [%emt 00:00:16]} Nc6 {[%clk 01:41:17] [%emt 00:00:06]} 3.
Bb5 {[%clk 01:41:07] [%emt 00:00:22]} a6 {[%clk 01:41:41] [%emt 00:00:06]} 4.
Ba4 {[%clk 01:41:34] [%emt 00:00:04]} Nf6 {[%clk 01:42:04] [%emt 00:00:06]} 5.
O-O {[%clk 01:41:14] [%emt 00:00:50]} d6 {[%clk 01:42:10] [%emt 00:00:24]} 6.
Re1 {[%clk 01:41:00] [%emt 00:00:44]} b5 {[%clk 01:41:43] [%emt 00:00:58]} 7.
Bb3 {[%clk 01:41:24] [%emt 00:00:06]} Be7 {[%clk 01:42:08] [%emt 00:00:04]} 8.
c3 {[%clk 01:40:56] [%emt 00:00:58]} O-O {[%clk 01:41:54] [%emt 00:00:45]} 9. h3
{[%clk 01:41:03] [%emt 00:00:22]} Nb8 {[%clk 01:35:45] [%emt 00:06:40]} 10. d4
{[%clk 01:40:57] [%emt 00:00:36]} Nbd7 {[%clk 01:36:10] [%emt 00:00:05]} 11.
Nbd2 {[%clk 01:38:34] [%emt 00:02:52]} Bb7 {[%clk 01:35:26] [%emt 00:01:14]} 12.
Bc2 {[%clk 01:37:54] [%emt 00:01:11]} Re8 {[%clk 01:35:50] [%emt 00:00:05]} 13.
Nf1 {[%clk 01:36:56] [%emt 00:01:27]} Bf8 {[%clk 01:36:12] [%emt 00:00:09]} 14.
Ng3 {[%clk 01:36:35] [%emt 00:00:52]} a5 {[%clk 01:36:13] [%emt 00:00:29]} 15.
Bd2 {[%clk 01:25:22] [%emt 00:11:42]} a4 {[%clk 01:30:43] [%emt 00:06:01]} 16.
Bd3 {[%clk 01:22:54] [%emt 00:02:58]} c6 {[%clk 01:27:07] [%emt 00:04:05]} 17.
Qc2 {[%clk 01:22:30] [%emt 00:00:54]} g6 {[%clk 01:23:45] [%emt 00:03:52]} 18.
Rad1 {[%clk 01:19:18] [%emt 00:03:42]} Qb6 {[%clk 01:15:35] [%emt 00:08:40]} 19.
Be3 {[%clk 01:09:31] [%emt 00:10:17]} Qa5 {[%clk 01:13:33] [%emt 00:02:32]} 20.
c4 {[%clk 00:59:10] [%emt 00:10:52]} exd4 {[%clk 00:45:17] [%emt 00:28:45]} 21.
Bxd4 {[%clk 00:58:49] [%emt 00:00:51]} Ne5 {[%clk 00:45:18] [%emt 00:00:29]} 22.
c5 {[%clk 00:52:19] [%emt 00:07:00]} Nxf3+ {[%clk 00:43:49] [%emt 00:01:59]} 23.
gxf3 {[%clk 00:52:44] [%emt 00:00:05]} Nd7 {[%clk 00:44:03] [%emt 00:00:16]} 24.
cxd6 {[%clk 00:46:07] [%emt 00:07:07]} Bxd6 {[%clk 00:42:13] [%emt 00:02:20]}
25. Qc1 {[%clk 00:26:15] [%emt 00:20:23]} c5 {[%clk 00:19:23] [%emt 00:23:20]}
26. Nf5 {[%clk 00:15:03] [%emt 00:11:43]} Be5 {[%clk 00:09:16] [%emt 00:10:37]}
27. Nh6+ {[%clk 00:13:57] [%emt 00:01:35]} Kg7 {[%clk 00:09:37] [%emt 00:00:09]}
28. Be3 {[%clk 00:13:32] [%emt 00:00:54]} Nf6 {[%clk 00:07:25] [%emt 00:02:42]}
29. Qxc5 {[%clk 00:08:07] [%emt 00:05:56]} Bxb2 {[%clk 00:05:41] [%emt
00:02:14]} 30. Re2 {[%clk 00:06:10] [%emt 00:02:27]} a3 {[%clk 00:05:10] [%emt
00:01:02]} 31. Rxb2 {[%clk 00:03:50] [%emt 00:02:49]} axb2 {[%clk 00:05:33]
[%emt 00:00:06]} 32. Bd4 {[%clk 00:02:38] [%emt 00:01:43]} Kxh6 {[%clk 00:01:51]
[%emt 00:04:12]} 33. Bxf6 {[%clk 00:03:00] [%emt 00:00:07]} b4 {[%clk 00:02:19]
[%emt 00:00:02]} 34. Qe3+ {[%clk 00:02:37] [%emt 00:00:54]} g5 {[%clk 00:02:15]
[%emt 00:00:34]} 35. f4 {[%clk 00:02:03] [%emt 00:01:04]} Rg8 {[%clk 00:02:08]
[%emt 00:00:37]} 36. Kh2 {[%clk 00:01:15] [%emt 00:01:18]} Qc7 {[%clk 00:01:02]
[%emt 00:01:36]} 37. e5 {[%clk 00:01:42] [%emt 00:00:03]} Qc6 {[%clk 00:01:01]
[%emt 00:00:32]} 38. fxg5+ {[%clk 00:01:13] [%emt 00:00:59]} Kh5 {[%clk
00:01:29]} 39. Be2+ {[%clk 00:01:13] [%emt 00:00:30]} Kg6 {[%clk 00:01:57] [%emt
00:00:02]} 40. Bd3+ {[%clk 00:01:30] [%emt 00:00:13]} Kh5 {[%clk 00:02:25] [%emt
00:00:01]} 41. Rg1 {[%clk 00:41:48] [%emt 00:10:12]} 1-0

[Site "Europe Echecs"]

[Event "Grand Swiss "]
[Date "2025.09.06"]
[White "Maurizzi, MarcAndria"]
[Black "Artemiev, Vladislav"]
[WhiteElo "2610"]
[BlackElo "2664"]
[Round "3.3.32"]
[Result "1-0"]

1. d4 {[%clk 01:40:54] [%emt 00:00:05]} Nf6 {[%clk 01:29:58] [%emt 00:11:02]} 2.
c4 {[%clk 01:40:19] [%emt 00:01:05]} e6 {[%clk 01:28:41] [%emt 00:01:47]} 3. Nc3
{[%clk 01:40:12] [%emt 00:00:37]} Bb4 {[%clk 01:24:47] [%emt 00:04:24]} 4. g3
{[%clk 01:39:56] [%emt 00:00:46]} c5 {[%clk 01:19:56] [%emt 00:05:22]} 5. Nf3
{[%clk 01:39:57] [%emt 00:00:28]} O-O {[%clk 00:56:37] [%emt 00:23:49]} 6. Bg2
{[%clk 01:37:52] [%emt 00:02:35]} cxd4 {[%clk 00:53:22] [%emt 00:03:46]} 7. Nxd4
{[%clk 01:37:09] [%emt 00:01:13]} d5 {[%clk 00:53:13] [%emt 00:00:38]} 8. cxd5
{[%clk 01:36:52] [%emt 00:00:47]} exd5 {[%clk 00:46:00] [%emt 00:07:44]} 9. O-O
{[%clk 01:35:01] [%emt 00:02:20]} Nc6 {[%clk 00:46:10] [%emt 00:00:21]} 10. Bf4
{[%clk 01:28:39] [%emt 00:06:52]} Re8 {[%clk 00:34:08] [%emt 00:12:33]} 11. Ncb5
{[%clk 01:14:30] [%emt 00:14:36]} Nxd4 {[%clk 00:30:51] [%emt 00:03:49]} 12.
Qxd4 {[%clk 01:13:15] [%emt 00:01:45]} Ba5 {[%clk 00:31:14] [%emt 00:00:07]} 13.
Rac1 {[%clk 01:11:32] [%emt 00:02:13]} Rxe2 {[%clk 00:23:02] [%emt 00:08:42]}
14. Nc7 {[%clk 00:44:34] [%emt 00:27:27]} Bxc7 {[%clk 00:21:40] [%emt 00:01:53]}
15. Rxc7 {[%clk 00:44:28] [%emt 00:00:35]} g5 {[%clk 00:06:14] [%emt 00:15:56]}
16. Be3 {[%clk 00:28:21] [%emt 00:16:38]} Ng4 {[%clk 00:01:01] [%emt 00:05:43]}
17. Rxf7 {[%clk 00:25:37] [%emt 00:03:13]} Kxf7 {[%clk 00:00:43] [%emt
00:00:49]} 18. Bxd5+ {[%clk 00:26:03] [%emt 00:00:04]} Ke8 {[%clk 00:00:32]
[%emt 00:00:41]} 19. Bf7+ {[%clk 00:26:17] [%emt 00:00:16]} Kxf7 {[%clk
00:00:45] [%emt 00:00:17]} 20. Qxd8 {[%clk 00:26:43] [%emt 00:00:04]} Ne5 {[%clk
00:00:53] [%emt 00:00:22]} 21. Qd5+ {[%clk 00:25:46] [%emt 00:01:27]} Kf6 {[%clk
00:01:16] [%emt 00:00:07]} 22. Bd4 {[%clk 00:25:28] [%emt 00:00:47]} Bf5 {[%clk
00:01:14] [%emt 00:00:33]} 23. Qd6+ {[%clk 00:25:07] [%emt 00:00:50]} Be6 {[%clk
00:01:39] [%emt 00:00:06]} 24. f4 {[%clk 00:25:32] [%emt 00:00:05]} gxf4 {[%clk
00:02:04] [%emt 00:00:05]} 25. Rxf4+ {[%clk 00:25:55] [%emt 00:00:06]} Kg5
{[%clk 00:02:25] [%emt 00:00:10]} 26. Qe7+ {[%clk 00:26:00] [%emt 00:00:24]} Kh5
{[%clk 00:02:44] [%emt 00:00:11]} 27. Qh4+ {[%clk 00:26:20] [%emt 00:00:10]} Kg6
{[%clk 00:03:08] [%emt 00:00:06]} 28. Qf6+ {[%clk 00:26:47] [%emt 00:00:03]} 1-0

[Site "Europe Echecs"]

[Event "Grand Swiss "]
[Date "2025.09.06"]
[White "Sadhwani, Raunak"]
[Black "Woodward, Andy"]
[WhiteElo "2658"]
[BlackElo "2557"]
[Round "3.3.33"]
[Result "0-1"]

1. e4 {[%clk 01:40:58] [%emt 00:00:02]} c5 {[%clk 01:40:50] [%emt 00:00:10]} 2.
Nf3 {[%clk 01:41:23] [%emt 00:00:05]} d6 {[%clk 01:41:14] [%emt 00:00:07]} 3. d4
{[%clk 01:41:48] [%emt 00:00:04]} cxd4 {[%clk 01:41:36] [%emt 00:00:08]} 4. Nxd4
{[%clk 01:42:14] [%emt 00:00:03]} Nf6 {[%clk 01:41:54] [%emt 00:00:13]} 5. Nc3
{[%clk 01:42:39] [%emt 00:00:05]} a6 {[%clk 01:42:16] [%emt 00:00:09]} 6. Be2
{[%clk 01:43:03] [%emt 00:00:06]} e5 {[%clk 01:42:11] [%emt 00:00:34]} 7. Nb3
{[%clk 01:43:27] [%emt 00:00:06]} Be7 {[%clk 01:42:32] [%emt 00:00:09]} 8. O-O
{[%clk 01:43:51] [%emt 00:00:07]} O-O {[%clk 01:42:03] [%emt 00:00:58]} 9. Re1
{[%clk 01:44:14] [%emt 00:00:07]} Be6 {[%clk 01:39:48] [%emt 00:02:45]} 10. Bf3
{[%clk 01:44:13] [%emt 00:00:31]} b5 {[%clk 01:33:36] [%emt 00:06:42]} 11. a4
{[%clk 01:39:42] [%emt 00:05:02]} b4 {[%clk 01:27:50] [%emt 00:06:15]} 12. Nd5
{[%clk 01:37:01] [%emt 00:03:11]} a5 {[%clk 01:26:49] [%emt 00:01:31]} 13. c4
{[%clk 01:06:32] [%emt 00:30:59]} Nfd7 {[%clk 00:59:25] [%emt 00:27:53]} 14. g3
{[%clk 01:03:38] [%emt 00:03:25]} Nc5 {[%clk 00:53:10] [%emt 00:06:45]} 15. Bg2
{[%clk 01:00:47] [%emt 00:03:21]} Bg5 {[%clk 00:37:30] [%emt 00:16:10]} 16. f4
{[%clk 00:29:11] [%emt 00:32:06]} Bh6 {[%clk 00:33:18] [%emt 00:04:42]} 17. Nxc5
{[%clk 00:23:53] [%emt 00:05:49]} dxc5 {[%clk 00:33:31] [%emt 00:00:16]} 18. f5
{[%clk 00:13:22] [%emt 00:11:02]} Bxd5 {[%clk 00:24:42] [%emt 00:09:19]} 19.
Bxh6 {[%clk 00:13:25] [%emt 00:00:27]} Bxc4 {[%clk 00:24:55] [%emt 00:00:17]}
20. Qg4 {[%clk 00:13:49] [%emt 00:00:05]} Qf6 {[%clk 00:24:56] [%emt 00:00:29]}
21. Bg5 {[%clk 00:14:10] [%emt 00:00:09]} Qc6 {[%clk 00:22:40] [%emt 00:02:46]}
22. Be7 {[%clk 00:13:02] [%emt 00:01:38]} Nd7 {[%clk 00:20:55] [%emt 00:02:15]}
23. Bxf8 {[%clk 00:13:18] [%emt 00:00:14]} Rxf8 {[%clk 00:21:03] [%emt
00:00:22]} 24. Qf3 {[%clk 00:09:44] [%emt 00:04:05]} Ba6 {[%clk 00:20:21] [%emt
00:01:12]} 25. Red1 {[%clk 00:10:05] [%emt 00:00:09]} c4 {[%clk 00:20:14] [%emt
00:00:37]} 26. Rd5 {[%clk 00:08:57] [%emt 00:01:38]} Nf6 {[%clk 00:20:34] [%emt
00:00:09]} 27. Rd2 {[%clk 00:08:46] [%emt 00:00:41]} Bb7 {[%clk 00:19:51] [%emt
00:01:13]} 28. Qe3 {[%clk 00:07:53] [%emt 00:01:23]} Ng4 {[%clk 00:19:34] [%emt
00:00:46]} 29. Qe2 {[%clk 00:06:03] [%emt 00:02:21]} c3 {[%clk 00:18:31] [%emt
00:01:33]} 30. bxc3 {[%clk 00:06:05] [%emt 00:00:29]} bxc3 {[%clk 00:18:44]
[%emt 00:00:16]} 31. Rda2 {[%clk 00:05:50] [%emt 00:00:45]} Qb6+ {[%clk
00:13:56] [%emt 00:05:18]} 32. Kh1 {[%clk 00:06:15] [%emt 00:00:05]} Ne3 {[%clk
00:14:22] [%emt 00:00:04]} 33. Qb5 {[%clk 00:06:04] [%emt 00:00:40]} Qc7 {[%clk
00:13:07] [%emt 00:01:47]} 34. Re2 {[%clk 00:05:12] [%emt 00:01:21]} Nxg2 {[%clk
00:06:50] [%emt 00:06:48]} 35. Kxg2 {[%clk 00:05:22] [%emt 00:00:20]} Bc6 {[%clk
00:04:56] [%emt 00:02:24]} 36. Qc4 {[%clk 00:05:08] [%emt 00:00:43]} Rc8 {[%clk
00:03:02] [%emt 00:02:25]} 37. Kh3 {[%clk 00:01:20] [%emt 00:04:18]} Qd6 {[%clk
00:01:25] [%emt 00:02:06]} 38. Qxc3 {[%clk 00:01:17] [%emt 00:00:34]} Qh6+
{[%clk 00:01:49] [%emt 00:00:05]} 39. Kg4 {[%clk 00:01:45] [%emt 00:00:03]} g6
{[%clk 00:02:14] [%emt 00:00:04]} 0-1

[Site "Europe Echecs"]

[Event "Grand Swiss "]
[Date "2025.09.06"]
[White "Matlakov, Maxim"]
[Black "Sargsyan, Shant"]
[WhiteElo "2609"]
[BlackElo "2653"]
[Round "3.3.34"]
[Result "1/2-1/2"]

1. Nf3 {[%clk 01:40:56] [%emt 00:00:02]} d5 {[%clk 01:39:22] [%emt 00:01:38]} 2.
g3 {[%clk 01:41:16] [%emt 00:00:12]} c5 {[%clk 01:39:40] [%emt 00:00:11]} 3. Bg2
{[%clk 01:41:14] [%emt 00:00:32]} Nf6 {[%clk 01:39:55] [%emt 00:00:15]} 4. O-O
{[%clk 01:41:04] [%emt 00:00:40]} g6 {[%clk 01:40:10] [%emt 00:00:15]} 5. c4
{[%clk 01:29:53] [%emt 00:11:41]} Bg7 {[%clk 01:40:00] [%emt 00:00:40]} 6. cxd5
{[%clk 01:15:52] [%emt 00:14:31]} Nxd5 {[%clk 01:40:11] [%emt 00:00:19]} 7. d4
{[%clk 01:15:57] [%emt 00:00:25]} cxd4 {[%clk 01:40:10] [%emt 00:00:32]} 8. Nxd4
{[%clk 01:16:21] [%emt 00:00:05]} O-O {[%clk 01:40:30] [%emt 00:00:10]} 9. Nc3
{[%clk 01:16:34] [%emt 00:00:17]} Nxc3 {[%clk 01:40:08] [%emt 00:00:51]} 10.
bxc3 {[%clk 01:14:36] [%emt 00:02:29]} Nc6 {[%clk 01:40:32] [%emt 00:00:06]} 11.
Nxc6 {[%clk 01:12:01] [%emt 00:03:05]} bxc6 {[%clk 01:38:55] [%emt 00:02:07]}
12. Qa4 {[%clk 01:12:22] [%emt 00:00:08]} Bxc3 {[%clk 01:26:37] [%emt 00:12:49]}
13. Rb1 {[%clk 01:11:16] [%emt 00:01:36]} Bf5 {[%clk 01:08:33] [%emt 00:18:34]}
14. Rb7 {[%clk 01:09:31] [%emt 00:02:15]} Qd4 {[%clk 01:06:02] [%emt 00:03:00]}
15. Qxc6 {[%clk 00:55:31] [%emt 00:14:30]} Rfc8 {[%clk 00:52:43] [%emt
00:13:50]} 16. Be3 {[%clk 00:33:31] [%emt 00:22:30]} Qf6 {[%clk 00:49:25] [%emt
00:03:48]} 17. Qa4 {[%clk 00:31:06] [%emt 00:02:55]} Qe6 {[%clk 00:37:03] [%emt
00:12:52]} 18. Rxa7 {[%clk 00:14:52] [%emt 00:16:44]} Rab8 {[%clk 00:36:54]
[%emt 00:00:39]} 19. Bg5 {[%clk 00:12:43] [%emt 00:02:39]} Bf6 {[%clk 00:26:28]
[%emt 00:10:56]} 20. Bxf6 {[%clk 00:12:48] [%emt 00:00:25]} Qxf6 {[%clk
00:26:52] [%emt 00:00:05]} 21. h4 {[%emt 00:06:54]} h5 {[%clk 00:26:32]} 22. Bf3
{[%clk 00:06:17] [%emt 00:01:28]} Kg7 {[%clk 00:25:38] [%emt 00:01:24]} 23. Qf4
{[%clk 00:05:16] [%emt 00:01:29]} Rb2 {[%clk 00:19:16] [%emt 00:06:53]} 24. a4
{[%clk 00:02:44] [%emt 00:03:02]} Rc3 {[%clk 00:12:57] [%emt 00:06:49]} 25. Qg5
{[%clk 00:01:54] [%emt 00:01:20]} Bh3 {[%clk 00:10:23] [%emt 00:03:05]} 26.
Qxf6+ {[%clk 00:02:03] [%emt 00:00:21]} Kxf6 {[%clk 00:10:29] [%emt 00:00:24]}
27. Rd1 {[%clk 00:01:55] [%emt 00:00:37]} Bg4 {[%clk 00:10:22] [%emt 00:00:38]}
28. Bxg4 {[%clk 00:01:14] [%emt 00:01:11]} hxg4 {[%clk 00:10:33] [%emt
00:00:19]} 29. Kf1 {[%clk 00:00:49] [%emt 00:00:54]} Rcc2 {[%clk 00:10:20] [%emt
00:00:43]} 30. Re1 {[%clk 00:01:18] [%emt 00:00:01]} Ra2 {[%clk 00:10:29] [%emt
00:00:22]} 1/2-1/2

[Site "Europe Echecs"]